Series in computer science. (Record no. 1819)

MARC details
000 -LEADER
fixed length control field 01073cas a2200325 a 4500
001 - CONTROL NUMBER
control field data
005 - DATE AND TIME OF LATEST TRANSACTION
control field 20260322212119.0
008 - FIXED-LENGTH DATA ELEMENTS--GENERAL INFORMATION
fixed length control field data
010 ## - LIBRARY OF CONGRESS CONTROL NUMBER
LC control number sf 91035005
Canceled/invalid LC control number sn 88014182
016 7# - NATIONAL BIBLIOGRAPHIC AGENCY CONTROL NUMBER
Record control number 010483314
Source DE-101
016 7# - NATIONAL BIBLIOGRAPHIC AGENCY CONTROL NUMBER
Record control number 54968-X
Source DE-600
029 1# - OTHER SYSTEM CONTROL NUMBER (OCLC)
OCLC library identifier NZ1
System control number 4392876
035 ## - SYSTEM CONTROL NUMBER
System control number (OCoLC)13589620
037 ## - SOURCE OF ACQUISITION
Source of stock number/acquisition World Scientific Publishing Co. Pte. Ltd., 242 Cherry St., Philadelphia, PA, 19106-1906
040 ## - CATALOGING SOURCE
Original cataloging agency NDD
Language of cataloging eng
Transcribing agency NDD
Modifying agency OCLCQ
-- NSD
-- DLC
-- OCLCQ
-- GBVCP
-- OCLCQ
-- CAI
-- OCLCO
-- OCLCF
-- DEBSZ
-- OCLCQ
042 ## - AUTHENTICATION CODE
Authentication code pcc
050 00 - LIBRARY OF CONGRESS CALL NUMBER
Classification number CLASSED SEPARATELY
245 00 - TITLE STATEMENT
Title Series in computer science.
260 ## - PUBLICATION, DISTRIBUTION, ETC.
Place of publication, distribution, etc. Singapore :
Name of publisher, distributor, etc. World Scientific Pub.,
Date of publication, distribution, etc. ©1985-
300 ## - PHYSICAL DESCRIPTION
Extent volumes :
Other physical details illustrations ;
Dimensions 24 cm
336 ## - CONTENT TYPE
Content type term text
Content type code txt
Source rdacontent
337 ## - MEDIA TYPE
Media type term unmediated
Media type code n
Source rdamedia
338 ## - CARRIER TYPE
Carrier type term volume
Carrier type code nc
Source rdacarrier
362 0# - DATES OF PUBLICATION AND/OR SEQUENTIAL DESIGNATION
Dates of publication and/or sequential designation Vol. 1-
500 ## - GENERAL NOTE
General note Imprint varies.
650 #0 - SUBJECT ADDED ENTRY--TOPICAL TERM
Topical term or geographic name entry element Computer science.
650 #7 - SUBJECT ADDED ENTRY--TOPICAL TERM
Topical term or geographic name entry element Computer science.
Source of heading or term fast
Authority record control number or standard number (OCoLC)fst00872451
906 ## - LOCAL DATA ELEMENT F, LDF (RLIN)
a 7
b cbc
c serials
d u
e ncip
f 19
g n-oclcserc
Holdings
Withdrawn status Lost status Damaged status Not for loan Home library Current library Shelving location Date acquired Total checkouts Full call number Barcode Date last seen Price effective from Koha item type
        Franklin Franklin General stacks 22/03/2026   CLASSED SEPARATELY LOC-FRL-00055 22/03/2026 22/03/2026 Books